000 00552nam a22002057a 4500
005 20210303052905.0
008 210303s1985 ||||| |||| 00| 0 eng d
020 _a0449202631
040 _aeng
_cDLC
041 _aeng
080 _a821.111
_bF-85
100 _9796
_aFrancis,Dick
245 _aThe Danger
_c/ by: Fawcett Crest
260 _aNew York
_bFawcett Crest
_c1985
300 _a370 p.
365 _b3.95 usd
650 0 _9254
_aEnglish literature
653 _aინგლისური ლიტერატურა
942 _2udc
_cBK
999 _c1866
_d1866